| 000 | 01235nam a2200301Ia 4500 | ||
|---|---|---|---|
| 001 | 6374 | ||
| 003 | IT-RoPAU | ||
| 008 | 130308s9999 xx 000 0 und d | ||
| 040 | _aIT-RoPAU | ||
| 040 | _cIT-RoPAU | ||
| 041 | _aFRANCESE | ||
| 100 | _aMitry Jean | ||
| 100 | _gCodice Aut. SPICS: 3694 | ||
| 245 | _aHistoire du cinema-Art et Industrie-5-1940/1950 | ||
| 245 | _bHistoire Du Cinema-Art et Industrie-5-1940/1950 | ||
| 250 | _a1a ed. | ||
| 260 | _aPARIS | ||
| 260 | _bDelarge Jean Pierre | ||
| 260 | _c1980 [1° Ed.:1980 - Ed.Ling.Originale:1980] | ||
| 300 | _a"652 p. (prefazione: no ; testo: 652)" | ||
| 500 | _aStoria del Cinema dal 1940 al 1950 Arte e Industria Cinematografica tecnici e Tecnica Cinematografica Cinema di Guerra spionaggio e resistenza Cinema Antinazista Documentario Realismo Poetico Lirismo Psico Sociale Realismo Psicologico Realismo Sociale poliziesco Americano Realismo criminale in Usa neorealismo Italiano Film di Storia e Biografia melodramma Fantastico commedia e commedia Musicale comico Cinem sull'arte Cinema D'Essai e di Animazione | ||
| 650 | _aSTORIA DEL CINEMA | ||
| 650 | _eCodice materia Spics: 6808 | ||
| 942 | _cBK | ||
| 957 | _71 | ||
| 999 |
_c72058 _d72058 |
||
| 999 | _bSI | ||
| 999 | _g1 | ||